|
|
|
|
| LEADER |
00000nam0a2200000 4500 |
| 001 |
235881 |
| 005 |
20231225135847.0 |
| 035 |
|
|
|a (RuTPU)RU\TPU\book\257024
|
| 090 |
|
|
|a 235881
|
| 100 |
|
|
|a 20130417d2012 m y0rusy50 ca
|
| 101 |
0 |
|
|a rus
|
| 102 |
|
|
|a RU
|
| 105 |
|
|
|a a j 001zy
|
| 200 |
1 |
|
|a Линейная алгебра. Линейное программирование
|e учебное пособие для вузов
|f Т. В. Тарбокова
|g Национальный исследовательский Томский политехнический университет (ТПУ), Институт дистанционного образования (ИДО)
|
| 210 |
|
|
|a Томск
|c Изд-во ТПУ
|d 2012
|
| 215 |
|
|
|a 117 с.
|c ил.
|
| 320 |
|
|
|a Библиогр.: с. 117.
|
| 330 |
|
|
|a В учебном пособии в краткой форме изложены теоретические вопросы линейной алгебры, где выделены важнейшие положения, применяемые в линейном программировании. По каждой теме представлено большое количество задач, иллюстрирующих основные понятия и приложения дисциплины «Линейная алгебра». Пособие подготовлено на кафедре высшей математики, соответствует программе дисциплины и предназначено для студентов ИДО, обучающихся по направлению 080100 «Экономика».
|
| 606 |
1 |
|
|a Линейная алгебра
|2 stltpush
|3 (RuTPU)RU\TPU\subj\40174
|9 60039
|
| 610 |
1 |
|
|a математика
|
| 610 |
1 |
|
|a алгебра
|
| 610 |
1 |
|
|a линейное программирование
|
| 610 |
1 |
|
|a линейные уравнения
|
| 610 |
1 |
|
|a системы уравнений
|
| 610 |
1 |
|
|a труды учёных ТПУ
|
| 610 |
1 |
|
|a учебные пособия
|
| 675 |
|
|
|a 512.64(075.8)
|v 3
|
| 700 |
|
1 |
|a Тарбокова
|b Т. В.
|c математик
|c доцент Томского политехнического университета, кандидат педагогических наук
|f 1947-
|g Татьяна Васильевна
|3 (RuTPU)RU\TPU\pers\27706
|9 12780
|
| 712 |
0 |
2 |
|a Национальный исследовательский Томский политехнический университет (ТПУ)
|b Институт дистанционного образования (ИДО)
|3 (RuTPU)RU\TPU\col\16612
|
| 801 |
|
1 |
|a RU
|b 63413507
|c 20130417
|
| 801 |
|
2 |
|a RU
|b 63413507
|c 20130426
|g RCR
|
| 942 |
|
|
|c BK
|